000 00524nam a22002057a 4500
003 OSt
005 20160516182023.0
008 160516b xxu||||| |||| 00| 0 eng d
020 _a052146983X
040 _cDDC.
082 _a574BAI 1995.
100 _aBailey,T.J.Norman;
_98826
245 _aStatical methods in biology;
250 _a3rd ed.
260 _aUK.
_bcambridge University Press.
_c1995.
300 _axiii,255p;
_bill;
_c19cm.
504 _aincludes index.
650 _aBiology.
_95602
942 _2ddc
_cSLOAN
999 _c4060
_d4060